000 00351nam a2200145Ia 4500
008 230917s9999||||xx |||||||||||||| ||und||
040 _e166327
_aMAIN
041 _aEnglish
082 _a338.4791 S38N
100 _aSrivastava, Atul
245 0 _aNature tourism
260 _aNew Delhi
_bCentrum Press
_c2010
300 _avii, 325 p.
942 _cBK
999 _c153440
_d153440